[Event "GER-chT North U14"]
[Site "Magdeburg"]
[Date "2012.09.09"]
[Round "7.3"]
[White "Eschholz, Dario"]
[Black "Sass, Patrick"]
[Result "1-0"]
[WhiteElo "1462"]
[BlackElo "1160"]
[PlyCount "35"]
[EventDate "2012.09.06"]
[EventType "team-swiss"]
[EventRounds "7"]
[EventCountry "GER"]
[SourceTitle "EXT 2015"]
[Source "ChessBase"]
[SourceDate "2014.11.20"]
[SourceVersion "1"]
[SourceVersionDate "2014.11.20"]
[SourceQuality "1"]
[WhiteTeam "Wildeshausen"]
[BlackTeam "Bad Schwartau"]
[WhiteTeamCountry "GER"]
[BlackTeamCountry "GER"]

1. e4 d5 2. exd5 Qxd5 3. Nc3 Qd6 4. g3 Nf6 5. Bg2 a6 6. Nge2 Qb6 7. h3 Bf5 8. d3 e5 9. Be3 Bc5 10. Bxc5 Qxc5 11. Bxb7 Ra7 12. Bg2 0-0 13. 0-0 Nbd7 14. d4 exd4 15. Nxd4 Bg6 16. Re1 Nb6 17. Nc6 Nc4 18. Na4 1-0

[Event "GER-chT North U14"]
[Site "Magdeburg"]
[Date "2012.09.07"]
[Round "3.3"]
[White "Oleskow, Jan Christian"]
[Black "Eschholz, Dario"]
[Result "1/2-1/2"]
[WhiteElo "1366"]
[BlackElo "1462"]
[PlyCount "62"]
[EventDate "2012.09.06"]
[EventType "team-swiss"]
[EventRounds "7"]
[EventCountry "GER"]
[SourceTitle "EXT 2015"]
[Source "ChessBase"]
[SourceDate "2014.11.20"]
[SourceVersion "1"]
[SourceVersionDate "2014.11.20"]
[SourceQuality "1"]
[WhiteTeam "Bremen Ost"]
[BlackTeam "Wildeshausen"]
[WhiteTeamCountry "GER"]
[BlackTeamCountry "GER"]

1. e4 c5 2. Nf3 Nc6 3. d4 cxd4 4. Nxd4 g6 5. Be3 Bg7 6. Nc3 Nf6 7. Bc4 0-0 8. 0-0 d6 9. Bd5 Nxd5 10. Nxd5 Bd7 11. Nc3 Qa5 12. Nb3 Qc7 13. Nd5 Qd8 14. c3 Be6 15. Nf4 Qd7 16. Nd4 Bc4 17. Re1 Nxd4 18. cxd4 Bb5 19. a4 Ba6 20. b4 b6 21. Rc1 Rac8 22. b5 Bb7 23. Qd3 Rxc1 24. Rxc1 Rc8 25. f3 Rxc1+ 26. Bxc1 Qc7 27. Bb2 e6 28. Qc3 Qd7 29. Nd3 a6 30. Qb4 axb5 31. axb5 Qc7 1/2-1/2

[Event "Niedersachsen-ch U18"]
[Site "Rotenburg"]
[Date "2012.03.31"]
[Round "1"]
[White "Loewe, Lennard"]
[Black "Eschholz, Dario"]
[Result "1-0"]
[WhiteElo "2069"]
[BlackElo "1515"]
[PlyCount "53"]
[EventDate "2012.03.31"]
[EventType "swiss"]
[EventRounds "9"]
[EventCountry "GER"]
[SourceTitle "EXT 2015"]
[Source "ChessBase"]
[SourceDate "2014.11.20"]
[SourceVersion "1"]
[SourceVersionDate "2014.11.20"]
[SourceQuality "1"]

1. e4 c5 2. Nf3 Nc6 3. Nc3 g6 4. d4 cxd4 5. Nxd4 Bg7 6. Be3 Nf6 7. Bc4 0-0 8. Bb3 d6 9. f3 Bd7 10. Qd2 Nxd4 11. Bxd4 Qc7 12. g4 Bc6 13. 0-0-0 a5 14. a4 Nd7 15. Bxg7 Kxg7 16. h4 Nc5 17. h5 Nxb3+ 18. cxb3 Rh8 19. h6+ Kg8 20. Kb1 Kf8 21. g5 Qb6 22. Ka2 Rd8 23. Rhf1 Qb4 24. Qe3 Ke8 25. Nd5 Bxd5 26. Rxd5 Rc8 27. Rb5 1-0

[Event "Niedersachsen-ch op-B"]
[Site "Verden"]
[Date "2012.01.03"]
[Round "3"]
[White "Kiesel, Lucas"]
[Black "Eschholz, Dario"]
[Result "1-0"]
[WhiteElo "1074"]
[BlackElo "1341"]
[PlyCount "61"]
[EventDate "2012.01.02"]
[EventType "swiss"]
[EventRounds "7"]
[EventCountry "GER"]
[SourceTitle "EXT 2021"]
[Source "ChessBase"]
[SourceDate "2020.10.23"]
[SourceVersion "1"]
[SourceVersionDate "2020.10.23"]
[SourceQuality "1"]

1. Nf3 d5 2. g3 Bf5 3. Bg2 Nf6 4. 0-0 c6 5. d3 h6 6. Nbd2 e6 7. b3 Nbd7 8. Bb2 Be7 9. c4 0-0 10. a3 b6 11. Nd4 c5 12. Nxf5 exf5 13. cxd5 Rc8 14. e4 fxe4 15. dxe4 Bd6 16. f4 Bc7 17. e5 Nxe5 18. fxe5 Nxd5 19. Nc4 Ne7 20. Nd6 Rb8 21. Rf2 Nc8 22. Rd2 Bxd6 23. exd6 Qd7 24. h3 Rd8 25. Rd3 Qe6 26. d7 Ne7 27. Qd2 Qf5 28. Re1 Ng6 29. Kh2 Kh8 30. Qxh6+ Kg8 31. Qxg7# 1-0

[Event "Niedersachsen-ch op"]
[Site "Verden"]
[Date "2011.01.05"]
[Round "7"]
[White "Eschholz, Dario"]
[Black "Elborg, Cornelia"]
[Result "0-1"]
[WhiteElo "1087"]
[BlackElo "1517"]
[PlyCount "102"]
[EventDate "2011.01.02"]
[EventType "swiss"]
[EventRounds "7"]
[EventCountry "GER"]
[SourceTitle "EXT 2018"]
[Source "ChessBase"]
[SourceDate "2017.10.13"]
[SourceVersion "1"]
[SourceVersionDate "2017.10.13"]
[SourceQuality "1"]

1. e4 c5 2. Nf3 Nc6 3. Bc4 e6 4. Nc3 a6 5. d4 cxd4 6. Nxd4 Qc7 7. Nf3 b5 8. Bb3 Na5 9. 0-0 Bb7 10. Bd2 Nf6 11. Re1 Be7 12. a3 Nxb3 13. cxb3 0-0 14. Rc1 Qd8 15. e5 Nd5 16. Nxd5 Bxd5 17. b4 Rc8 18. Qe2 Rxc1 19. Rxc1 d6 20. Bg5 Bxg5 21. Rd1 dxe5 22. Nxe5 Bf6 23. Nd3 Bc4 24. Qc2 Bxd3 25. Rxd3 Qc8 26. Qb1 Rd8 27. Rh3 g6 28. Rf3 Bxb2 29. Re3 Rd2 30. g3 Qc6 31. Re1 Qf3 32. Rf1 Qxa3 33. Qe4 Rd4 34. Qe5 Rxb4 35. Qb8+ Kg7 36. Rd1 Bf6 37. Qb7 Rd4 38. Rf1 b4 39. Re1 Qa2 40. Qf3 Qd5 41. Qe2 a5 42. Qc2 b3 43. Qb1 a4 44. Qc1 Rd2 45. Rf1 b2 46. Qb1 a3 47. Re1 a2 48. Qe4 Qxe4 49. Rxe4 b1Q+ 50. Kg2 Qxe4+ 51. Kg1 Rd1# 0-1

[Event "Niedersachsen-ch op"]
[Site "Verden"]
[Date "2011.01.02"]
[Round "1"]
[White "Eschholz, Dario"]
[Black "Merettig, Georg"]
[Result "0-1"]
[WhiteElo "1087"]
[BlackElo "1950"]
[PlyCount "44"]
[EventDate "2011.01.02"]
[EventType "swiss"]
[EventRounds "7"]
[EventCountry "GER"]
[SourceTitle "EXT 2018"]
[Source "ChessBase"]
[SourceDate "2017.10.13"]
[SourceVersion "1"]
[SourceVersionDate "2017.10.13"]
[SourceQuality "1"]

1. e4 Nc6 2. Nf3 b6 3. Bc4 Bb7 4. Nc3 e6 5. 0-0 Na5 6. d3 Nxc4 7. dxc4 Be7 8. Bf4 g5 9. Bg3 h5 10. Be5 f6 11. Bd4 d6 12. Nd2 Qd7 13. f3 Nh6 14. Bf2 g4 15. fxg4 Nxg4 16. h3 Nxf2 17. Kxf2 d5 18. cxd5 Bc5+ 19. Ke1 0-0-0 20. Qf3 Rde8 21. Qxf6 Be7 22. Qxe6 Bh4+ 0-1

[Event "Niedersachsen-ch op"]
[Site "Verden"]
[Date "2011.01.02"]
[Round "2"]
[White "Knobel, Hannah Bettina"]
[Black "Eschholz, Dario"]
[Result "0-1"]
[WhiteElo "1592"]
[BlackElo "1087"]
[PlyCount "222"]
[EventDate "2011.01.02"]
[EventType "swiss"]
[EventRounds "7"]
[EventCountry "GER"]
[SourceTitle "EXT 2018"]
[Source "ChessBase"]
[SourceDate "2017.10.13"]
[SourceVersion "1"]
[SourceVersionDate "2017.10.13"]
[SourceQuality "1"]

1. d4 d5 2. Nf3 Nc6 3. c4 dxc4 4. Nc3 Bf5 5. e4 Bg4 6. Bxc4 Bxf3 7. Qxf3 Nf6 8. d5 Ne5 9. Qe2 Nxc4 10. Qxc4 a6 11. Bf4 Rc8 12. Qb3 Rb8 13. Qc4 Rc8 14. Rc1 g6 15. Ne2 Bg7 16. Qb4 b6 17. Qc4 0-0 18. Ng3 a5 19. 0-0 Nd7 20. Rc2 Be5 21. Bxe5 Nxe5 22. Qd4 Qd6 23. Rfc1 c6 24. Qxb6 Rb8 25. Qxa5 Rb5 26. Qc3 c5 27. a4 Rb7 28. f4 Nd7 29. Ne2 Re8 30. Rd2 Qa6 31. b3 Reb8 32. Rb1 Rb4 33. Qf3 Rxa4 34. Rdb2 Rab4 35. Nc1 c4 36. Qc3 Nc5 37. bxc4 Rxb2 38. Rxb2 Rxb2 39. Qxb2 Qxc4 40. Qb8+ Kg7 41. Qe5+ Kg8 42. Qb8+ Kg7 43. Qb2+ Kg8 44. Ne2 Qxe4 45. Qd2 Nd3 46. Nc3 Qd4+ 47. Kf1 Qxf4+ 48. Qxf4 Nxf4 49. Kf2 f5 50. Kf3 Nd3 51. Ke3 Nb4 52. Kd4 Kf7 53. Ne2 Na6 54. Nf4 Nc7 55. Ke5 Ne8 56. Ne6 h6 57. Nd8+ Kf8 58. Ke6 Nc7+ 59. Ke5 Ke8 60. Nc6 h5 61. Nd4 Kf7 62. Nf3 Ne8 63. Ng5+ Kg8 64. Ne6 Nd6 65. Nc7 Kf7 66. Ne6 Nc4+ 67. Kd4 Nd2 68. Ke5 Nf1 69. h3 Ne3 70. Nf4 h4 71. Kd4 Nc2+ 72. Kc3 Ne1 73. Kd2 g5 74. Ne6 Nxg2 75. Nxg5+ Kf6 76. Ne6 Ke5 77. Ng7 Nf4 78. Ke3 Nxh3 79. Kf3 Nf4 80. Kf2 e6 81. dxe6 Nxe6 82. Nh5 Nf4 83. Ng7 Kf6 84. Ne8+ Kg5 85. Nd6 Kg4 86. Nc4 h3 87. Ne3+ Kg5 88. Kg3 Ne2+ 89. Kxh3 f4 90. Nd1 f3 91. Nf2 Kf4 92. Nd1 Ng3 93. Nf2 Ne4 94. Nd1 Kg5 95. Kh2 Kh4 96. Kh1 Kg3 97. Kg1 Nd2 98. Nf2 Nb3 99. Ne4+ Kf4 100. Nf2 Ke3 101. Ng4+ Ke2 102. Nf2 Nc5 103. Ng4 Ne4 104. Kh2 Nf6 105. Nh6 f2 106. Nf5 Ne4 107. Nd4+ Kd3 108. Kg2 Kxd4 109. Kf1 Ke3 110. Kg2 Ke2 111. Kh2 Nd2 0-1